000 01009nam a2200301 a 4500
001 000021933
005 20200930011517.0
008 100914s1985 sp a 000 f spa d
020 _a8426411584
040 _aDO-SdBNP
_bspa
_cBNPHU
082 _a853.914
_bE19a, 1985
100 1 _aEco, Umberto,
_d1932-
_914106
245 1 3 _aApostillas a :
_bel nombre de la rosa /
_cUmberto Eco ; traducción de Ricardo Pochtar.
250 _a3a ed.
260 _aBarcelona :
_bLumen,
_c1985.
300 _a83 p. :
_bil ;
_c21 cm.
490 1 _aPalabra en el tiempo
_v158
500 _aIncluye índice de ilustraciones.
500 _aIncluye lista de título de la colección.
534 _aTítulo original :
_tPostille a il nome della rosa
650 4 _aNovela italiana
_94322
650 4 _aLiteratura italiana
_93329
650 4 _aNovela italiana
_xCrítica e interpretación
_945515
700 1 _aPochtar, Ricardo,
_etr.
_914107
830 0 _aPalabra en el tiempo;
_v158
_921670
910 _aWM
049 _aBNGR
999 _c21431
_d21431